| 000 | 00782nam a22002177a 4500 | ||
|---|---|---|---|
| 999 |
_c176261 _d176261 |
||
| 005 | 20201207162754.0 | ||
| 010 | _aENG-128633 | ||
| 020 |
_a978-93-84361-67-9 _c150.00 |
||
| 035 | _aEN-112165 | ||
| 037 | _bDBAD/PUB | ||
| 082 | _a485 | ||
| 100 | _aPrasad, M. Hari | ||
| 245 |
_aEnglish Encounters: a textbook to face challenges in communication/ _bM. Hari Prasad, K. Venkat Reddy, and M. Sambaiah |
||
| 250 | _a2nd | ||
| 260 |
_aAndhra Pradesh _bMaruthi Publications _c2017 |
||
| 270 |
_bAndhra Pradesh _e522001 _a9-4-95, Maruthi Manikanta Nilayam, 3rd Lane, Railpet, Gunter _mcontact@maruthipublications.com _k2224032 _l91 863 2220566 |
||
| 300 |
_a138p. _c24cm(pbk) |
||
| 700 | _aReddy, K. Venkat | ||
| 700 | _aSambaiah, M. | ||
| 942 |
_2ddc _cEN _h485 _mPRA |
||